[Event "Sanghi Nagar (m/3)"]
[Site "?"]
[Date "1994.??.??"]
[Round "?"]
[White "Kramnik, V."]
[Black "Gelfand, B."]
[Result "1-0"]
[WhiteElo "2725"]
[BlackElo "2680"]
[PlyCount "69"]
[EventDate "1994.??.??"]
[Source "Andry's Collect"]
[SourceDate "2000.??.??"]

1. e4 {B52: Sicilian: Moscow Variation with 3...Bd7} 1... c5 2. Nf3 2... d6 {
Prevents intrusion on e5} 3. Bb5+ Bd7 4. Bxd7+ Qxd7 (4... Nxd7 5. d4 $11) 5. c4
Nf6 (5... Qg4 6. Nc3 Qxg2 7. Rg1 $11) 6. Nc3 Nc6 7. O-O g6 8. d4 cxd4 9. Nxd4
Bg7 10. Nde2 (10. Be3 10... h5 $14) 10... O-O (10... Qe6 $5 {
is worthy of consideration} 11. Nd5 Qxe4 12. Nc7+ Kd7 13. Nxa8 13... Qxc4 $17)
11. f3 {Controls g4} 11... a6 {Consolidates b5} 12. a4 Rfc8 13. b3 Qd8 14. Kh1
Nd7 15. Bg5 Qa5 16. Qd2 Nc5 17. Rab1 17... e6 {Secures d5} 18. Rfd1 Rab8 19.
Bh4 Qb6 20. Qxd6 (20. Bf2 $5 {is noteworthy} 20... Rd8 21. Na2 $11) 20... Be5
$15 21. Qd2 Nxb3 22. Qb2 Nca5 23. Nd5 {Threatening mate: Ne7} 23... exd5 24.
Qxe5 24... Nxc4 {The knight dominates} (24... dxe4 $5 {
should be examined more closely} 25. Nf4 25... Re8 $15) 25. Qxd5 $14 {
White creates threats along the open d-file} 25... Qe3 26. Re1 Nbd2 (26... Nba5
$5 $14 {must be considered}) 27. Rxb7 $16 27... Rxb7 28. Qxb7 {
The mate threat is Qxc8} 28... Re8 29. Qd7 {Do you see the mate threat?} 29...
Rb8 30. Bg3 Nxf3 31. Bxb8 {With the decisive threat Qc8} 31... Qxe4 $4 {
shortens the misery for Black} (31... Nxe1 32. Qc8+ Kg7 33. Qxc4 Nd3 34. Qd4+
Qxd4 35. Nxd4 Nf2+ 36. Kg1 36... Nxe4 $18) 32. gxf3 Qxf3+ 33. Kg1 Qe3+ 34. Kg2
Qe4+ 35. Kh3 (35. Kh3 Ne3 36. Qd8+ Kg7 37. Qd4+ Qxd4 38. Nxd4 $18) 1-0

[Event "Beograd"]
[Site "?"]
[Date "1995.??.??"]
[Round "?"]
[White "Topalov, V."]
[Black "Kramnik, V."]
[Result "0-1"]
[WhiteElo "2640"]
[BlackElo "2730"]
[PlyCount "80"]
[EventDate "1995.??.??"]

1. e4 {B57: Classical Sicilian: Sozin with 6...Qb6} 1... c5 2. Nf3 Nc6 3. d4
cxd4 4. Nxd4 Nf6 5. Nc3 d6 6. Bc4 Qb6 7. Ndb5 a6 8. Be3 Qa5 9. Nd4 Ne5 10. Bd3
Neg4 11. Bc1 g6 12. Nb3 Qb6 13. Qe2 Bg7 14. f4 Nh5 15. Nd5 15... Qd8 {
last book move} 16. Bd2 e6 (16... Bxb2 17. Ba5 b6 18. Bxb6 Bc3+ 19. Kf1 (19.
Nxc3 $6 19... Qxb6 20. Nd5 20... Qa7 $11) 19... Nxh2+ 20. Kg1 Nxf4 21. Qf2 Nxd3
22. cxd3 $18) 17. Ba5 Qh4+ 18. g3 Nxg3 19. Nc7+ Ke7 20. hxg3 Qxg3+ 21. Kd1 Nf2+
22. Kd2 Nxh1 23. Nxa8 Qxf4+ 24. Qe3 Qh2+ 25. Qe2 Qf4+ (25... Bh6+ 26. Kd1 Qg1+
27. Qe1 Qg4+ 28. Be2 Qxe4 29. Nb6 $17) 26. Qe3 Qh2+ (26... Qf2+ 27. Qxf2 Nxf2
28. Nb6 $15) 27. Qe2 Bh6+ 28. Kc3 Qe5+ 29. Kb4 Ng3 30. Qe1 {
If White now only could play Ka3...} 30... Bg7 31. Nb6 d5 32. Ka4 {
If White now would get Bc3 in, he might survive} 32... Bd7+ (32... Nxe4 33.
Qb4+ Nd6 34. c3 $17) ({Inferior is} 32... dxe4 33. Bc3 Qc7 34. Bxg7 Qxb6 35.
Qxg3 $16) 33. Nxd7 b5+ (33... Kxd7 34. Qb4 Rb8 35. Bb6 dxe4 36. Bc4 $17) 34.
Kb4 Kxd7 35. Bb6 $2 (35. Nc5+ Kc6 36. Rb1 Qd4+ 37. Ka3 Nxe4 (37... Kxc5 38. b4+
Kd6 39. Qxg3+ Be5 40. Qe1 $19) (37... Qxc5+ $6 38. Bb4 Qd4 39. exd5+ Kb7 40. b3
$19) 38. Bxe4 Qxc5+ (38... dxe4 $6 39. b4 Qc3+ 40. Qxc3 Bxc3 41. Kb3 $17) 39.
b4 Qc3+ 40. Qxc3+ 40... Bxc3 $19) 35... Qxb2 (35... dxe4 36. Bf1 Nxf1 37. Rd1+
37... Kc8 $19) 36. exd5 $17 36... Rc8 {The mate threat is Bf8} 37. dxe6+ Ke8 (
37... Kc6 38. Rb1 Qxa2 39. Na5+ Kd6 (39... Kxb6 $4 {
taking the bishop will lose the game} 40. Qf2+ Kc7 41. Qc5+ Kd8 42. Qd6+ Ke8
43. Qd7+ Kf8 44. Qxf7#) 40. Qxg3+ Be5 41. Nb7+ Ke7 42. Bc5+ Rxc5 43. Qh4+ Bf6
44. Qxh7 Rc4+ (44... Qxb1+ $6 {is no comparison} 45. Kxc5 Qg1+ 46. Kc6 Qg2+ 47.
Kb6 Bd4+ 48. Kc7 Be5+ 49. Kb6 Bd4+ 50. Kc7 Be5+ 51. Kb6 51... Bd4+ $11) 45.
Bxc4 Qa4+ (45... Qxb1+ 46. Kc5 Qg1+ 47. Kc6 Qh1+ 48. Qxh1 bxc4 49. Nd8 Bg7 50.
Qh4+ Bf6 51. Qf4 Kf8 52. e7+ Kg7 53. e8=Q Kh7 54. Qxf7+ Kh8 55. Q4xf6#) 46. Kc5
Qxc4+ 47. Kb6 Bd4+ 48. Kxa6 Qxe6+ 49. Kxb5 Qd5+ 50. Ka6 Qc6+ 51. Ka5 Bc3+ 52.
Rb4 52... Qc4 $19 (52... Bxb4+ $6 53. Kxb4 Qxb7+ 54. Kc4 $19)) 38. Bc5 $4 {
overlooking an easy win} (38. Bxb5+ {would hold out} 38... axb5 39. exf7+ (39.
Qxg3 39... fxe6 (39... Qxc2 40. exf7+ Kxf7 41. Qf3+ Qf5 42. Qxf5+ gxf5 43. Rh1
$18 (43. Kxb5 {is clearly inferior} 43... Bxa1 44. Nxa1 44... Ke6 $15)) 40. Qf3
Qc3+ (40... Rxc2 41. Qa8+ Kf7 42. Rf1+ Bf6 43. Rf3 $14) 41. Qxc3 Bxc3+ (41...
Rxc3 42. Rc1 $16 (42. Kxb5 42... Rxb3+ 43. cxb3 43... Bxa1 $15)) 42. Kxb5 Bxa1
43. Nxa1 43... h5 $17) 39... Kxf7 40. Qxg3 $11) 38... Bc3+ $3 $19 {
Theme: Double Attack} 39. Qxc3 39... a5+ $1 {a fitting end to a beautiful game}
40. Kxb5 (40. Kxa5 {A deflection} 40... Qxc3+ {A double attack}) 40... Qxc3 (
40... Qxc3 41. Rg1 Rb8+ 42. Ka6 Rxb3 43. exf7+ Kxf7 44. Rxg3 Kg7 45. axb3 Qxc5
46. Bxg6 46... hxg6 $19) 0-1

[Event "Novgorod"]
[Site "?"]
[Date "1995.??.??"]
[Round "?"]
[White "Gulko, B."]
[Black "Kramnik, V."]
[Result "0-1"]
[WhiteElo "2595"]
[BlackElo "2715"]
[PlyCount "76"]
[EventDate "1995.??.??"]

1. c4 {A29: English Opening: Four Knights Variation with 4 g3} 1... e5 2. Nc3
Nf6 3. Nf3 Nc6 4. g3 g6 5. d4 exd4 6. Nxd4 Bg7 7. Nxc6 dxc6 8. Qxd8+ Kxd8 9. e4
Bg4 10. Be2 Bxe2 11. Kxe2 Re8 12. f3 {Secures g4} 12... Nd7 13. Bg5+ (13. Be3
f5 14. exf5 14... Bd4 $11) 13... Kc8 $15 14. Rac1 a5 (14... f5 15. Rhd1 $15)
15. Rhd1 (15. Rhe1 15... a4 $11) 15... a4 (15... f5 $5 $15 {
should be investigated more closely}) 16. Rd2 Nf8 17. Be3 Ra5 18. a3 Ne6 19.
Kf2 g5 (19... f5 20. exf5 Rxf5 21. Kg2 $11) 20. Rcd1 (20. g4 20... Rd8 $14)
20... f5 $11 21. exf5 Bxc3 22. bxc3 {White threatens strongly fxe6} 22... Rxf5
23. Rd7 h5 24. Rh7 24... g4 {Black gets more space} 25. f4 Ng5 26. Rg7 Ne4+ 27.
Kf1 {With the idea Rdd7} 27... Nd6 28. Bb6 Rf7 29. Rxf7 29... Nxf7 {
Black threatens cxb6} 30. Bd4 Nd6 31. c5 Nc4 32. Kf2 b5 (32... Nxa3 $6 33. Ra1
Nb5 34. Rxa4 Nxd4 35. Rxd4 $11) 33. cxb6 cxb6 34. Bf6 b5 (34... Nxa3 $6 35. Ra1
Nc4 36. Rxa4 $15) 35. Rd4 (35. Ra1 $5 35... Re3 $17) 35... Nxa3 36. Rd6 Kc7 37.
Be5 $2 (37. Rd1 $19) 37... Nc4 38. Re6+ Kd7 (38... Kd7 39. Rh6 Nxe5 40. fxe5
Rxe5 41. Rh7+ Kd6 42. Rh6+ Kc7 43. Rh7+ 43... Kb6 $19) 0-1

[Event "Dos Hermanas"]
[Site "Dos Hermanas"]
[Date "1996.??.??"]
[Round "8"]
[White "Ivanchuk, V."]
[Black "Kramnik, V."]
[Result "0-1"]
[WhiteElo "2735"]
[BlackElo "2775"]
[PlyCount "64"]
[EventDate "1996.??.??"]

1. e4 {B66: Sicilian: Richter-Rauzer: 7...a6 8 0-0-0 h6} 1... c5 2. Nf3 Nc6 3.
d4 cxd4 4. Nxd4 Nf6 5. Nc3 d6 6. Bg5 e6 7. Qd2 a6 8. O-O-O h6 9. Be3 Be7 10. f4
Nxd4 11. Bxd4 b5 12. Qe3 {White prepares e5} 12... Qc7 13. e5 dxe5 14. Bxe5 Ng4
15. Qf3 Nxe5 16. Qxa8 Nd7 17. g3 Nb6 18. Qf3 Bb7 19. Ne4 {last book move} 19...
f5 20. Qh5+ Kf8 21. Nf2 Bf6 22. Bd3 (22. Rg1 $5 {and White hangs on} 22... Qc5
23. Bg2 Bxb2+ 24. Kxb2 Nc4+ 25. Ka1 Qxf2 26. Qg6 $11) 22... Na4 $17 (22... Bxh1
$6 23. Rxh1 Na4 24. Nd1 $11) 23. Rhe1 Bxb2+ 24. Kb1 Bd5 (24... Qc8 25. Nh3 Bd5
26. Bxb5 axb5 27. Rxd5 Nc3+ 28. Kxb2 Nxd5 29. Qf3 $15) 25. Bxb5 25... Bxa2+ {
Demolition of pawn structure.} (25... axb5 26. Rxd5 {Annihilates a defender: d5
} 26... Nc3+ 27. Kxb2 Nxd5 28. Rxe6 Qc3+ 29. Kb1 Qb4+ 30. Kc1 Qa3+ 31. Kd1 $16)
26. Kxa2 {Threatening mate... how?} 26... axb5 27. Kb1 27... Qa5 {
Do you see the mate threat?} 28. Nd3 $4 {
terrible, but the game is lost in any case} (28. c3 Bxc3 29. Rd7 Qb4+ 30. Kc2
Qb2+ 31. Kd1 Qb1+ 32. Ke2 Qxe1+ 33. Kf3 $15) 28... Ba3 $19 29. Ka2 (29. c4 {
there is nothing better in the position} 29... bxc4 30. Nb2 $19) 29... Nc3+ 30.
Kb3 Nd5 31. Ka2 {If White now only could play Rxe6...} 31... Bb4+ 32. Kb1 Bc3 (
32... Bc3 33. Qe8+ Kxe8 34. Rxe6+ Kf7 35. Re7+ Kxe7 36. Re1+ Kd8 37. Nb2 Qa3
38. Re8+ Rxe8 39. g4 Qxb2#) 0-1

[Event "Dos Hermanas "]
[Site "?"]
[Date "1996.??.??"]
[Round "6"]
[White "Kasparov, G."]
[Black "Kramnik, V."]
[Result "0-1"]
[WhiteElo "2775"]
[BlackElo "2775"]
[PlyCount "70"]
[EventDate "1996.??.??"]

1. d4 {D48: Semi-Slav: Meran System: 7...b5 8 Bd3 a6} 1... d5 2. c4 c6 3. Nc3
Nf6 4. Nf3 e6 5. e3 Nbd7 6. Bd3 dxc4 7. Bxc4 b5 8. Bd3 Bb7 9. O-O a6 10. e4 c5
11. d5 c4 12. Bc2 Qc7 13. Nd4 Nc5 14. b4 cxb3 15. axb3 b4 16. Na4 Ncxe4 17.
Bxe4 Nxe4 18. dxe6 18... Bd6 {last book move} 19. exf7+ Qxf7 (19... Kxf7 $5 {
should be considered} 20. Qh5+ 20... g6 $11) 20. f3 $16 20... Qh5 {
Do you see the mate threat?} 21. g3 (21. fxe4 Qxh2+ 22. Kf2 O-O+ 23. Ke3 23...
Qxg2 $19) 21... O-O (21... Nf6 $5 22. Ne6 Qd5 23. Nxg7+ 23... Kf7 $16) 22. fxe4
$18 22... Qh3 23. Nf3 (23. Qe2 {and White is on the road to success} 23... Bxe4
24. Bf4 Bxf4 25. Rxf4 (25. gxf4 Bd5 26. Rae1 26... Rae8 $11) 25... Rxf4 26.
gxf4 $18) 23... Bxg3 $14 {Demolishes the pawn shield} 24. Nc5 (24. hxg3 Qxg3+)
24... Rxf3 $17 {Eliminates the defender f3} 25. Rxf3 (25. Qxf3 25... Qxh2# {
The nicest combinations are those leading to mate}) 25... Qxh2+ {
Demolition of pawn structure} 26. Kf1 26... Bc6 {Threatening mate: Bb5} 27. Bg5
(27. Be3 27... Bb5+ 28. Nd3 $17) 27... Bb5+ $19 28. Nd3 {Plans Qd2} 28... Re8
29. Ra2 (29. Rc1 Qh1+ 30. Ke2 Rxe4+ 31. Kd2 Qg2+ 32. Rf2 Bxf2 33. Rc8+ Be8 34.
Nxf2 Rd4+ 35. Ke2 Rxd1 36. Rxe8+ Kf7 37. Re7+ Kf8 38. Kxd1 Qxf2 39. Re1 Qf3+
40. Re2 Qxb3+ 41. Kc1 Qc3+ 42. Kd1 Qd4+ 43. Bd2 $19) 29... Qh1+ (29... Bxd3+
30. Rxd3 Qh1+ 31. Ke2 Qg2+ 32. Ke3 Rxe4#) 30. Ke2 $19 30... Rxe4+ 31. Kd2 Qg2+
32. Kc1 Qxa2 33. Rxg3 Qa1+ 34. Kc2 Qc3+ 35. Kb1 Rd4 (35... Rd4 36. Qd2 Bxd3+ (
36... Rxd3 $6 37. Qxc3 bxc3 38. Bf4 $19) 37. Ka2 Rd5 38. Qxc3 38... bxc3 $19)
0-1

[Event "Berlin "]
[Site "?"]
[Date "1996.??.??"]
[Round "?"]
[White "Gelfand, B."]
[Black "Kramnik, V."]
[Result "0-1"]
[WhiteElo "2665"]
[BlackElo "2765"]
[PlyCount "56"]
[EventDate "1996.??.??"]

1. d4 {D45: Semi-Slav: 5 e3} 1... d5 2. c4 c6 3. Nc3 Nf6 4. Nf3 e6 5. e3 Nbd7
6. Qc2 Bd6 7. g4 Bb4 8. Bd2 Qe7 9. a3 Bxc3 10. Bxc3 b6 11. Bd3 Ba6 12. Qa4 dxc4
13. Qxa6 cxd3 14. Qxd3 O-O 15. g5 Nd5 16. Bd2 f5 17. O-O-O c5 18. Kb1 18... b5
{last book move} 19. Qxb5 19... Rab8 {Black is in command} 20. Qa5 Rb3 21. Ka2
21... Rfb8 {Attacking the backward pawn on b2} 22. Rb1 (22. Bc1 c4 23. Qa4
23... N7b6 $17) 22... e5 23. Rhc1 (23. Ka1 $5 $11) 23... Qe6 $15 24. Ka1 exd4
25. Rxc5 $4 (25. Ne1 $15 {is just about the only chance}) 25... Nxc5 $19 26.
Qxc5 (26. Nxd4 {praying for a miracle} 26... Qc8 27. Be1 $19) 26... Nc3 {
Demolishes the pawn shield} 27. Nxd4 (27. bxc3 {Exploits the pin} 27... Rxb1# {
A beautiful mate combination}) 27... Rxb2 $3 {Demolition of pawn structure} 28.
Rxb2 {Decoy theme: b2} (28. Qf8+ {desperation} 28... Rxf8 29. Rxb2 $19 (29.
Nxe6 $4 {greedy!} 29... Rxb1#)) 28... Qa2+ $5 {Theme: Double Attack} (28...
Qa2+ 29. Rxa2 Rb1#) 0-1

[Event "Supertorneo Las Palmas"]
[Site "Las Palmas"]
[Date "1996.??.??"]
[Round "6"]
[White "Kramnik, V."]
[Black "Anand, V."]
[Result "1-0"]
[WhiteElo "2765"]
[BlackElo "2735"]
[PlyCount "81"]
[EventDate "1996.12.08"]
[Source "ChessBase"]
[SourceDate "1997.04.10"]

1. Nf3 {A30: Symmetrical English: Double Fianchetto and Hedgehog} 1... Nf6 2.
c4 b6 3. g3 Bb7 4. Bg2 e6 5. O-O Be7 6. Nc3 O-O 7. Re1 d5 8. cxd5 Nxd5 9. e4
Nxc3 10. bxc3 c5 11. d4 Nd7 12. Bf4 cxd4 13. cxd4 Nf6 14. Ne5 Bb4 15. Re3 Rc8
16. d5 exd5 17. exd5 {The passed pawn on d5 will become decisive later} 17...
Bd6 18. Nc6 Bxc6 19. Bxd6 Ba4 20. Bxf8 Bxd1 21. Be7 21... Qc7 {last book move}
22. Rxd1 Nd7 23. Bh3 23... h6 {Secures g5} 24. Bf5 b5 25. Bb4 Rd8 26. Re7 Qc4
27. Rxd7 Rxd7 28. Bxd7 Qxb4 29. d6 Qa4 (29... Qa5 {
doesn't get the bull off the ice} 30. Bxb5 $1 {Clearance to allow d6-d7} 30...
Qxb5 $18) 30. Rd3 (30. Rc1 {and White can already relax} 30... g6 31. Bf5 31...
Qxa2 $18) 30... Qe4 $4 (30... Kf8 $11 {
this is the best bet to save the position}) 31. Bxb5 $18 31... Qe1+ 32. Kg2
Qe4+ 33. Kg1 (33. Kf1 {it becomes clear that White will call all the shots}
33... Qh1+ 34. Ke2 Qe4+ 35. Kd1 Qh1+ 36. Kc2 $18) 33... Qe1+ $11 34. Kg2 Qe4+
35. Kf1 Qh1+ 36. Ke2 Qe4+ 37. Kf1 (37. Kd1 {makes sure everything is clear}
37... Qh1+ 38. Kc2 $18) 37... Qh1+ $11 38. Ke2 Qe4+ 39. Kd1 Qg4+ (39... Qh1+ {
cannot change destiny} 40. Kc2 Qa1 41. d7 Qxa2+ 42. Kd1 Qb1+ 43. Ke2 $18) 40.
f3 Qh3 (40... Qb4 {desperation} 41. d7 Qxb5 42. d8=Q+ 42... Kh7 $18) 41. d7 (
41. d7 Qf1+ 42. Kc2 Qe2+ 43. Kb3 Qe6+ 44. Ka3 $18) 1-0

[Event "Amsterdam"]
[Site "Amsterdam"]
[Date "1996.??.??"]
[Round "?"]
[White "Kramnik, V."]
[Black "Topalov, V."]
[Result "1-0"]
[WhiteElo "2775"]
[BlackElo "2700"]
[PlyCount "71"]
[EventDate "1996.??.??"]

1. Nf3 {A30: Symmetrical English: Double Fianchetto and Hedgehog} 1... Nf6 2.
c4 c5 3. Nc3 e6 4. g3 b6 5. Bg2 Bb7 6. O-O d6 7. b3 Nbd7 8. Bb2 Be7 9. d4 O-O
10. d5 exd5 11. Nh4 g6 12. cxd5 Ne8 13. f4 Nc7 14. e4 b5 15. e5 f5 16. a4 (16.
exd6 Bxd6 17. Re1 $15) 16... b4 $15 {Black gets more space} 17. Nb5 {
Black now must not overlook the idea exd6} 17... Nxb5 18. axb5 Qb6 19. Re1 Qxb5
(19... dxe5 20. fxe5 c4+ 21. Bd4 $17) 20. Bf1 (20. exd6 $5 {
is worth consideration} 20... Bf6 21. Bxf6 Nxf6 22. Re7 $11) 20... Qb6 $15 21.
Bc4 {The bishop likes it on c4} 21... Qd8 22. exd6 Bf6 23. Qd2 (23. Qe2 $11)
23... Bxb2 (23... Nb6 $5 $15 {should be examined more closely}) 24. Qxb2 $14
24... Qf6 25. Qf2 25... Nb6 {Attacks the isolani on d5} 26. Rad1 (26. Qxc5 Rfc8
27. Qxb4 Nxc4 28. bxc4 Qd4+ 29. Kg2 Bxd5+ 30. Kh3 Bxc4 31. Qa3 $16) 26... Rfe8
(26... Nxc4 $5 {looks like a viable alternative} 27. bxc4 27... Qxd6 $11) 27.
Rxe8+ $16 27... Rxe8 28. Qxc5 Qc3 29. Ng2 29... Re2 $2 (29... Rf8 $18) 30. d7
$1 {puts the final touch} 30... Nxd7 {Black threatens to counter with Rxg2} 31.
Qb5 {Theme: Double Attack} 31... Rxg2+ (31... Rd2 {does not help much} 32. d6+
Kh8 33. Rxd2 Qxd2 34. Qxb7 Qxd6 35. Qxa7 Qd1+ 36. Bf1 $18) 32. Kxg2 Qc2+ (32...
Bc8 33. Qc6 Qc2+ 34. Kh3 34... Kg7 $18) 33. Be2 (33. Kh3 Qxd1 34. Qxb7 Nb6 35.
Qb8+ Kg7 36. Qxa7+ Kh6 37. Qxb6 Qf3 38. Qxb4 Kg7 39. Qe7+ Kh6 40. Qf8+ Kh5 41.
Qg7 Qg4+ 42. Kg2 Qh3+ 43. Kxh3 h6 44. Be2#) 33... Nb6 $2 (33... a6 34. Qc4 Qxc4
35. bxc4 35... Nc5 $18) 34. Kf2 Kg7 (34... Qe4 {doesn't improve anything} 35.
Bf3 Qc2+ 36. Kg1 $18) 35. d6 (35. Ra1 {secures victory} 35... Qe4 36. Rxa7 Qd4+
37. Kf1 37... Kh6 $18) 35... Bc6 36. Qxb4 (36. Qxb4 Qb2 37. Rd3 $18) 1-0

[Event "Wien"]
[Site "Wien"]
[Date "1996.??.??"]
[Round "?"]
[White "Kramnik, V."]
[Black "Polgar, J."]
[Result "1-0"]
[WhiteElo "2765"]
[BlackElo "2665"]
[PlyCount "87"]
[EventDate "1996.??.??"]

1. Nf3 {E97: King's Indian: Classical Main Line (6...e5 7 0-0 Nc6): 8 Be3 and
8 d5 Ne7, not 9 Ne1} 1... Nf6 2. c4 g6 3. Nc3 Bg7 4. e4 d6 5. d4 O-O 6. Be2 e5
7. O-O Nc6 8. d5 Ne7 9. b4 Nh5 10. Re1 f5 11. Ng5 Nf6 12. Bf3 Kh8 13. Bb2 a5
14. b5 {White gets more space} 14... Rb8 15. Ne6 (15. exf5 Bxf5 16. Qd2 16...
Qd7 $14) 15... Bxe6 $11 16. dxe6 Ne8 17. Qb3 c5 18. exf5 gxf5 19. Bh5 Nc7 20.
Bf7 {The white bishop is well posted.} 20... Qc8 21. Nd5 Ncxd5 22. cxd5 22...
f4 {Black wins space} (22... c4 23. Qf3 $11) 23. Bh5 {
The bishop aims for Bf7-h5-f3-e4} (23. Rac1 23... Qc7 $11) 23... b6 24. Rad1
Rf5 25. Bf3 Qg8 26. Be4 {A sound move} 26... Rg5 27. Rd3 Bf6 28. Rh3 Ng6 29.
Qf3 Rb7 30. Rh5 Rxh5 31. Qxh5 Rg7 32. g3 {Controls h4} 32... Ne7 (32... a4 33.
Kf1 $11) 33. Kh1 $14 33... Qf8 34. Rg1 Ng8 35. Qf3 Bg5 36. h4 Bf6 37. Rg2 Qe7 (
37... fxg3 38. fxg3 Qa8 39. a4 $11) 38. Qh5 fxg3 39. fxg3 Qf8 (39... Qd8 $5 $11
{is an interesting alternative}) 40. Rf2 $16 40... Qd8 $2 (40... Qe7 41. Rf3
41... a4 $14) 41. g4 $18 41... Be7 (41... Qe7 42. g5 $18) 42. g5 {
Threatening mate... how?} 42... c4 (42... Bf6 $18) 43. Rf7 Qe8 (43... Nf6 {
no good, but what else?} 44. gxf6 Rg1+ 45. Kxg1 Qg8+ 46. Kh1 h6 47. Qxh6+ Qh7
48. Qxh7#) 44. Qxh7+ $3 {Demolishes the pawn shield} (44. Qxh7+ Rxh7 45. Rxh7#)
1-0

[Event "Investbanka"]
[Site "Belgrade"]
[Date "1997.11.12"]
[Round "2"]
[White "Kramnik, Vladimir"]
[Black "Anand, Viswanathan"]
[Result "0-1"]
[WhiteElo "2770"]
[BlackElo "2765"]
[PlyCount "84"]
[EventDate "1997.11.11"]
[Source "ChessBase"]
[SourceDate "1998.01.31"]

1. Nf3 {D43: Semi-Slav: 5 Bg5 h6} 1... Nf6 2. c4 e6 3. Nc3 d5 4. d4 c6 5. Bg5
h6 6. Bh4 dxc4 7. e4 g5 8. Bg3 b5 9. Be2 Bb7 10. e5 Nh5 11. a4 a6 12. Nxg5 Nxg3
13. Nxf7 Kxf7 14. fxg3 Kg8 15. O-O Nd7 16. Bg4 Qe7 17. Ne4 17... Rh7 {
last book move} 18. Nd6 {A classical outpost} 18... Rb8 19. b4 (19. axb5 {
would keep White in the game} 19... cxb5 20. Nxb7 Rxb7 21. Rxa6 $14) 19... h5
$17 20. Bh3 Bh6 21. Kh1 Bg5 (21... Nf8 22. Qxh5 Bd2 23. Qg4+ Qg7 24. Ne4 Qxg4
25. Bxg4 $19) 22. Qc2 (22. axb5 cxb5 23. Nxb7 23... Rxb7 $17) 22... Rg7 (22...
Nf8 $5 23. axb5 cxb5 24. Nxb7 Rxb7 25. Rxa6 $19) 23. Qe2 Ba8 (23... h4 24. axb5
cxb5 25. Nxb7 Rxb7 26. Rxa6 $15) 24. Qxh5 $15 24... Rf8 25. Ne4 25... c5 {
Black gets strong initiative} (25... Rxf1+ 26. Rxf1 Nf8 27. Nc5 $15) 26. Nxg5
$14 {The isolani on e6 becomes a target} 26... Bd5 27. Nf3 cxb4 28. axb5 axb5
29. Nh4 (29. Ra6 Nb8 30. Rd6 30... Qe8 $14) 29... Qg5 30. Rxf8+ Nxf8 31. Qe8
Rf7 32. Nf3 (32. Qxb5 $5 32... b3 33. Rg1 $15) 32... Qg6 $17 {
Black threatens b3} 33. Qxb5 (33. Rg1 $5 $17) 33... b3 $19 34. Rf1 Qd3 (34...
Rb7 $5 35. Bxe6+ Qxe6 36. Qc5 $19) 35. Kg1 (35. Rg1 $17) 35... Qe3+ (35... Bxf3
$6 {is no comparison} 36. gxf3 Rxf3 37. Rxf3 Qxf3 38. Qb6 Qd1+ 39. Kf2 Qc2+ 40.
Kg1 Qb1+ 41. Kg2 $17) 36. Kh1 c3 (36... Bxf3 $6 {is clearly weaker} 37. gxf3
Rxf3 38. Rg1 $17) 37. Bxe6 (37. Qa6 $19 {what else?}) 37... Bxe6 38. d5 38...
Rxf3 $1 {Demolition of pawn structure} 39. gxf3 {Theme: Deflection from h3} (
39. Rxf3 c2) 39... Bh3 40. Qc4 Bxf1 41. Qg4+ Kh7 42. e6 Ng6 (42... Ng6 43. e7
Qe2 44. Qh5+ Kg7 45. e8=N+ Qxe8 46. g4 Bg2+ 47. Kxg2 Qe2+ 48. Kg3 Qe1+ 49. Kg2
Nf4#) 0-1

[Event "Dortmund "]
[Site "?"]
[Date "1997.??.??"]
[Round "?"]
[White "Kramnik, V."]
[Black "Karpov, An"]
[Result "1-0"]
[WhiteElo "2770"]
[BlackElo "2745"]
[PlyCount "77"]
[EventDate "1997.??.??"]

1. Nf3 {A15: English Opening: 1...Nf6} 1... Nf6 2. c4 b6 3. g3 Bb7 4. Bg2 e6 5.
O-O Be7 6. Nc3 O-O 7. Re1 d5 8. cxd5 Nxd5 9. e4 Nxc3 10. bxc3 Nc6 11. d4 Na5
12. h4 Re8 13. h5 h6 14. Ne5 Bd6 15. Bf4 Qe7 16. Qg4 Kh8 17. Nd3 {
White plans e5} 17... Rad8 18. Rad1 Bc6 19. e5 19... Ba3 {last book move} 20.
Bxc6 Nxc6 21. Re4 Qd7 22. Qf3 Bf8 23. Be3 Na5 24. g4 Nc4 25. g5 Nxe3 26. fxe3
hxg5 27. Rg4 Qe7 (27... Qa4 28. Nf2 $11) 28. Rf1 $11 28... Rd7 29. Qg3 (29. Nf2
f5 30. exf6 30... gxf6 $11) 29... f6 (29... Qa3 $5 $17) 30. e4 Qa3 31. exf6
Qxc3 32. f7 (32. Ne5 Qxg3+ 33. Rxg3 Rxd4 34. Nf7+ Kh7 35. Nxg5+ 35... Kh6 $14)
32... Rc8 (32... Qxd4+ 33. Kh2 Red8 34. Ne5 Qb2+ 35. Kh3 $11) 33. d5 exd5 34.
e5 34... c5 $4 {gives the opponent counterplay} (34... Be7 35. Rxg5 Bxg5 36.
f8=Q+ Rxf8 37. Rxf8+ Kh7 38. Qh3 Be3+ 39. Qxe3 Qa1+ 40. Kg2 $18) 35. Rf3 $4 {
not a good decision, because now the opponent is right back in the game} (35.
Rxg5 Qd4+ 36. Kh2 $18) 35... c4 $15 {Black wins space} 36. Nf2 (36. e6 Rxf7 37.
exf7 37... cxd3 $11) 36... Qe1+ (36... Qa1+ 37. Kg2 Rdc7 38. Rxg5 $18) 37. Kg2
$15 37... Be7 $4 {weakening the position} (37... Rdc7 $15 {was possible}) 38.
Rxg5 $18 38... Bxg5 {A deflection} (38... Rdd8 39. Rxg7 39... Qd2 $18) 39.
f8=Q+ {Theme: Double Attack. . . . . . . .} (39. f8=Q+ Rxf8 40. Rxf8+ Kh7 41.
Qxg5 Qb1 42. e6 Re7 43. Qxe7 Kh6 44. Rh8+ Qh7 45. Ng4+ Kxh5 46. Qxg7 Qxh8 47.
Nf6+ Kh4 48. Qg3#) 1-0